Catálogo

Vista normal Vista MARC

Entrada Personal Name

Número de registros utilizados en: 1

001 - CONTROL NUMBER

  • control field: 16726

003 - CONTROL NUMBER IDENTIFIER

  • control field: DLC

005 - DATE AND TIME OF LATEST TRANSACTION

  • control field: 20250210161820.0

008 - FIXED-LENGTH DATA ELEMENTS

  • fixed length control field: 800310n| azannaabn |n aaa

010 ## - LIBRARY OF CONGRESS CONTROL NUMBER

  • LC control number: n 79147888

035 ## - SYSTEM CONTROL NUMBER

  • System control number: (OCoLC)oca00378970

040 ## - CATALOGING SOURCE

  • Original cataloging agency: DLC
  • Language of cataloging: spa
  • Description conventions: rda
  • Transcribing agency: Mx-PuUPA
  • Modifying agency: DNLM
  • Modifying agency: Mx-PuUPA

046 ## - SPECIAL CODED DATES

  • Birth date: 1937

100 1# - HEADING--PERSONAL NAME

  • Personal name: Swischuk, Leonard E.,
  • Dates associated with a name: 1937-

372 ## - FIELD OF ACTIVITY

  • Field of activity: Radiología pediátrica
  • Field of activity: imágenes de trauma

373 ## - ASSOCIATED GROUP

  • Associated group: Rama Médica de la Universidad de Texas en Galveston
  • Source of term: naf

374 ## - OCCUPATION

  • Occupation: Autor

375 ## - GENDER

  • Gender: hombre

377 ## - ASSOCIATED LANGUAGE

  • Language code: eng

670 ## - SOURCE DATA FOUND

  • Source citation: His Plain film interpretation in congenital heart disease, 1970.

670 ## - SOURCE DATA FOUND

  • Source citation: Emergency musculoskeletal imaging in children, 2014:
  • Information found: t.p. (Leonard E. Swischuk) verso t.p., etc. (Department of Radiology, University of Texas Medical Branch, Pediatric Radiology, Galveston, TX, USA; expert in pediatric radiology and trauma imaging )